000 00986njm a22002417a 4500
005 20100903150043.0
007 sd ammalaaahaa
008 100901t xxu||||| |||| 00| 0 hin d
028 _aN.88130
_bHis Master's Voice
028 _aOJW.2909
_bHis Master's Voice
035 _aGR-412
040 _aSED/VEN
100 _917815
_aMohd. Rafi
245 _apooch naa mujhse dil ke fasane /
_cby Mohd. Rafi
_h[sound recording] :
_bUrdu
246 _aपूछ ना मुझसे दिल के फ़साने (मोहद. रफ़ी ) पार्ट १
260 _aDum Dum, India
_bHis Master's Voice
300 _a1 sound disc :
_banalog, 33 1/3 rpm
_c10 in.
500 G _aBrief record
505 _aMeri mohbbat kabool kar lo (मेरी मोहब्बत कबूल कर लो ) पार्ट २
650 _aClassical music
_xExcerpts
_zIndia
_917813
942 _2ddc
_cGR
999 _c43615
_d43615